Personnages de séries - B - Statistiques

Statistiques générales
  • Ce quiz a été pris 275 fois
  • Le résultat moyen est 6 sur 16
Statistiques - réponses
Par images Réponse % Correct
Buffy Summers
79%
Bree Van De Kamp
65%
Blair Waldorf
63%
Betty Cooper
60%
Ben Stone
55%
Bonnie Bennett
51%
Barney Stinson
38%
Benedict Bridgerton
37%
Beth Harmon
25%
Brooke Davis Baker
24%
Brad Bellick
20%
Blake Carrington
16%
Babeth Nebout
15%
Blaine Anderson
11%
Bobby Singer
7%
Bode Locke
5%
Aucun quiz correspondant
Distribution des résultats
% des personnes avec chaque résultat
Percentile par nombre de réponses
Votre historique - résultats
Vous n’avez pas pris ce quiz